MARC

LEADER 00000nab a2200000 4500
001 vtls011857643
003 SK-MaSNL
005 20260305030747.0
008 190325|2019 xo |||| || ||00 0|slo
040 |e rda 
041 |a slo 
043 |a e-xo 
044 |a xo  |c SK 
072 7 |a 352  |x Verejná správa najnižšieho stupňa. Miestna správa. Mestská správa. Správne orgány  |2 konspekt 
080 |a 379.82  |2 2011 
100 1 |a Adamová, Mária  |4 aut  |9 535586 
245 1 0 |a Pacerki oslavovali  |c Mária Adamová 
336 |a text  |b txt  |2 rdacontent 
337 |a bez média  |b n  |2 rdamedia 
338 |a zväzok  |b nc  |2 rdacarrier 
610 1 7 |a Budkovce (Slovensko).  |b Obecný úrad  |2 mizkgz  |9 196022 
610 2 7 |a Kultúrny dom (Budkovce, Slovensko)  |2 mizkgz  |9 1607948 
610 2 7 |a Pacerki (folklórna skupina)  |2 mizkgz  |9 167874 
611 2 7 |a Pacerkovi ples  |n (24. :  |d 2019 :  |c Budkovce, Slovensko)  |2 mizkgz  |9 1607949 
630 0 7 |a " Hej hlaše muj " (nové CD)  |2 mizkgz  |9 1607950 
650 0 7 |a 25. výročie umeleckej činnosti  |2 mizkgz  |9 1607951 
650 0 7 |a krst CD  |2 mizkgz  |9 1129468 
650 0 7 |a 8.12.2018  |2 mizkgz  |9 1607952 
650 0 7 |a 26.1.2019  |2 mizkgz  |9 1607953 
651 7 |a Michalovce (Slovensko)  |2 mizkgz  |9 22487 
651 7 |a Budkovce (Slovensko)  |2 mizkgz  |9 16796 
651 7 |a Michalovce (Slovensko : okres)  |2 mizkgz  |9 19216 
773 0 |t Budkovčan  |g Roč. XX, č. 1 (2019), s. 8  |x 1339-357x 
787 0 8 |i Rec.: 
999 |c 3313213  |d 3315143